| 000 | 01952cad a22002655a 4500 | ||
|---|---|---|---|
| 001 | L156591 | ||
| 008 | 120611s2012 xxk f 000 0 eng d | ||
| 035 | _a(Sirsi) u156591 | ||
| 041 | 0 | _aeng | |
| 100 | 1 | _aWhitehead, Christine | |
| 110 | 2 | _aCambridge Centre for Housing and Planning Research | |
| 245 | 0 | 0 |
_aHousing in transition _bUnderstanding the dynamics of tenure change, a report for the Resolution Foundation and Shelter Appendix A _h[electronic resource] |
| 260 |
_a[Cambridge _cUniversity of Cambridge Department of Land Economy _b[2012?] |
||
| 520 | _aResearch commissioned by the Resolution Foundation and Shelter to look at residential tenure changes in the private rented sector. Part one examines the Survey of English Housing and its successor the English Housing Survey between 1993-1994 and 2009-2012 breaking the data down by tenure, region, household type and household income. Part two projects these trends forwards to 2025 and explores how tenure structure may develop under three different economic scenarios including a continuing weak economy, a central cautious expansion from a low base and a robust recovery. Concludes that the private rented sector will continue to grow as a mainstream housing tenure choice particularly for London with social renting playing a key role for lower income households. Improvements in economic conditions may lead to a surge in home ownership options particularly outside London. For Main report see L156585 and Appendix B L156592 | ||
| 590 | _aKA | ||
| 650 | 2 | 4 | _aENGLISH HOUSING SURVEY |
| 650 | 2 | 4 | _aSURVEY OF ENGLISH HOUSING |
| 651 | 4 | _aEngland | |
| 690 |
_aResidential property _96266 |
||
| 700 | 1 | _aWilliams, Peter | |
| 700 | 1 | _aTang, Connie | |
| 700 | 1 | _aUdagawa, Chihiro | |
| 856 | 4 | 0 |
_uhttps://www.cchpr.landecon.cam.ac.uk/Downloads/RF%20Shelter%20Appendix%20A%20May%2030%202012.pdf _zView the item free of charge from the www.cchpr.landecon.cam.ac.uk |
| 942 | _n0 | ||
| 999 |
_c114305 _d114305 |
||